Process design for reliable operations /
Guardado en:
| Autor Principal: | |
|---|---|
| Formato: | Libro |
| Idioma: | English |
| Publicado: |
Houston :
Gulf Pub. Co.,
c1983.
|
| Materias: | |
| Etiquetas: |
Agregar Etiqueta
Sin Etiquetas, Sea el primero en etiquetar este registro!
|
| LEADER | 00934pam a22002535a 4500 | ||
|---|---|---|---|
| 001 | EIQ.libpla002942 | ||
| 008 | 830208s1983####txuao####b####001#0#eng#d | ||
| 005 | 20070920182401.0 | ||
| 245 | 1 | 0 | |a Process design for reliable operations / |c Norman P. Lieberman. |
| 260 | |a Houston : |b Gulf Pub. Co., |c c1983. | ||
| 300 | |a xiii, 207 p. : |b il., fotos ; |c 24 cm. | ||
| 504 | |a Incluye referencias bibliográficas e índice. | ||
| 020 | |a 0872017478 | ||
| 100 | 1 | |a Lieberman, Norman P. | |
| 082 | 0 | 0 | |a 660.2/81 |2 19 |
| 650 | 4 | |a Fábrica de productos químicos |x Equipo y fuentes. | |
| 650 | 4 | |a Fábrica de productos químicos |x Construcción. | |
| 650 | 4 | |a Fábrica de productos químicos |x Diseño. | |
| 650 | 4 | |a Chemical plants |x Equipment and supplies. | |
| 650 | 4 | |a Chemical plants |x Construction. | |
| 650 | 4 | |a Chemical plants |x Design. | |
| 010 | |a 83001630 | ||
| 040 | |a DLC |c DLC |d AR-BbSID | ||
| 859 | |a AR-BbSID |b BIB. PLAPIQUI |h 660.281 |i L 62 |p 3008 | ||
